Modern air-conditioning practice / (Record no. 10413)
[ view plain ]
| 000 -LEADER | |
|---|---|
| fixed length control field | 00456cam a2200169ua 4500 |
| 020 ## - INTERNATIONAL STANDARD BOOK NUMBER | |
| ISBN | 0 07 Y66315 7 |
| 041 ## - LANGUAGE CODE | |
| Language code of text/sound track or separate title | eng |
| 082 ## - DEWEY DECIMAL CLASSIFICATION NUMBER | |
| Classification number | 697.93 |
| Item number | HAR/MO |
| 100 ## - MAIN ENTRY--AUTHOR NAME | |
| Personal name | Harris, Norman C . |
| 245 ## - TITLE STATEMENT | |
| Title | Modern air-conditioning practice / |
| 250 ## - EDITION STATEMENT | |
| Edition statement | 1 / |
| 260 ## - PUBLICATION, DISTRIBUTION, ETC. (IMPRINT) | |
| Place of publication | Singapore : |
| Name of publisher | McGraw-Hill International Book Company , |
| Year of publication | 1985. |
| 300 ## - PHYSICAL DESCRIPTION | |
| Number of Pages | 433 ; . |
| 942 ## - ADDED ENTRY ELEMENTS (KOHA) | |
| Koha item type | Books |
| Withdrawn status | Lost status | Damaged status | Home library | Current library | Date acquired | Full call number | Accession Number | Koha item type |
|---|---|---|---|---|---|---|---|---|
| KAUAET | KAUAET | 22/08/1986 | 697.93 | 15471 | Books |
